[Event "MGL-ch 52nd"]
[Site "Arvaikheer"]
[Date "2012.04.07"]
[Round "10"]
[White "Lkhagvasuren, Tsedvee"]
[Black "Batchuluun, Tsegmed"]
[Result "0-1"]
[WhiteElo "2089"]
[BlackElo "2503"]
[PlyCount "136"]
[EventDate "2012.04.01"]
[EventType "tourn"]
[EventRounds "15"]
[EventCountry "MGL"]
[EventCategory "3"]
[SourceTitle "EXT 2013"]
[Source "ChessBase"]
[SourceDate "2012.11.22"]
[SourceVersion "1"]
[SourceVersionDate "2012.11.22"]
[SourceQuality "1"]

1. c4 Nf6 2. Nc3 e5 3. Nf3 Nc6 4. g3 d5 5. cxd5 Nxd5 6. Bg2 Nb6 7. 0-0 Be7 8. d3 0-0 9. Be3 Be6 10. Qc1 f6 11. Ne4 Re8 12. Nc5 Bxc5 13. Bxc5 Qd7 14. Re1 Rad8 15. Qc2 Nd5 16. b3 b6 17. Ba3 Ncb4 18. Qd2 c5 19. e4 Ne7 20. Bxb4 cxb4 21. Qxb4 Qxd3 22. Rac1 Bg4 23. Re3 Qd6 24. Qxd6 Rxd6 25. Rec3 Red8 26. h3 Rd1+ 27. Ne1 Be6 28. Bf1 R8d2 29. a3 Bxb3 30. Rxd1 Rxd1 31. Rxb3 Rxe1 32. Rc3 Kf8 33. Rc7 a5 34. Rb7 Rxe4 35. Rxb6 Ra4 36. Rb3 Nf5 37. Rc3 Nd6 38. f3 g5 39. Bd3 h5 40. Kf2 h4 41. g4 Ke7 42. Ke3 Kd7 43. Ke2 Ke6 44. Ke3 Ke7 45. Rc7+ Kd8 46. Rc3 Kd7 47. Ke2 Ke7 48. Kf2 e4 49. fxe4 Nxe4+ 50. Bxe4 Rxe4 51. Rc5 Ra4 52. Rc3 Kd6 53. Rf3 Ke5 54. Rf5+ Ke6 55. Rf3 Rc4 56. Re3+ Kf7 57. Ke2 Rc2+ 58. Kd3 Rg2 59. Ke4 a4 60. Rc3 Rg3 61. Rxg3 hxg3 62. Kf3 Ke6 63. Kxg3 Kd5 64. h4 gxh4+ 65. Kxh4 Kc4 66. Kh5 Kb3 67. Kg6 Kxa3 68. Kxf6 Kb4 0-1

[Event "MGL-ch 52nd"]
[Site "Arvaikheer"]
[Date "2012.04.07"]
[Round "9"]
[White "Sharavdorj, Dashzeveg"]
[Black "Lkhagvasuren, Tsedvee"]
[Result "1-0"]
[WhiteElo "2429"]
[BlackElo "2089"]
[PlyCount "271"]
[EventDate "2012.04.01"]
[EventType "tourn"]
[EventRounds "15"]
[EventCountry "MGL"]
[EventCategory "3"]
[SourceTitle "EXT 2013"]
[Source "ChessBase"]
[SourceDate "2012.11.22"]
[SourceVersion "1"]
[SourceVersionDate "2012.11.22"]
[SourceQuality "1"]

1. d4 Nf6 2. c4 e6 3. g3 Bb4+ 4. Bd2 Bxd2+ 5. Qxd2 d5 6. Bg2 c6 7. Qc2 Nbd7 8. Nf3 0-0 9. 0-0 b6 10. Nbd2 Bb7 11. e4 dxe4 12. Nxe4 Nxe4 13. Qxe4 Nf6 14. Qe3 Qc7 15. c5 Rad8 16. Rac1 bxc5 17. dxc5 Nd5 18. Qe4 h6 19. Rfd1 a5 20. Qe5 Qc8 21. a3 Ba6 22. Nd4 Qd7 23. Bxd5 exd5 24. Qd6 Qxd6 25. cxd6 Rxd6 26. Rxc6 Rfd8 27. Rc5 a4 28. Ra5 Rb8 29. Rd2 Bc4 30. Rxa4 Bb3 31. Ra7 Rdb6 32. f3 g6 33. Kf2 Kg7 34. g4 Kg8 35. h4 Kg7 36. Kg3 Bc4 37. b4 R8b7 38. Rxb7 Rxb7 39. Rd1 Kf6 40. Re1 Ba6 41. f4 Rc7 42. g5+ Kg7 43. f5 hxg5 44. hxg5 gxf5 45. Nxf5+ Kg6 46. Ne7+ Kxg5 47. Nxd5 Rd7 48. Re5+ f5 49. Nf4 Bc4 50. Rc5 Rd4 51. Nh3+ Kf6 52. Rc6+ Ke5 53. Nf4 Ke4 54. Rc5 Bd3 55. Rc7 Ke5 56. Re7+ Kf6 57. Re6+ Kf7 58. Rb6 Be4 59. Kh4 Rd1 60. a4 Rg1 61. Kh3 Ke7 62. Ne2 Rg8 63. a5 Kd7 64. Nf4 Rc8 65. Kh4 Rg8 66. Kh5 Rg4 67. Ne6 Bf3 68. Nc5+ Kc8 69. Kh6 Rc4 70. Kg5 f4 71. Ne6 Be4 72. Kxf4 Bc6+ 73. Ke5 Kd7 74. Nd4 Ba8 75. Nb3 Re4+ 76. Kf6 Rc4 77. Nc5+ Kc8 78. Ke5 Kc7 79. Rd6 Bc6 80. Rd4 Rc2 81. Ne6+ Kb8 82. Kd6 Bb5 83. Nc5 Rh2 84. Ne4 Rc2 85. Ke5 Kc7 86. Nd6 Bc6 87. Nc4 Re2+ 88. Kf4 Re1 89. Ne5 Rf1+ 90. Kg5 Be8 91. Kg4 Rf2 92. Nd3 Rf1 93. Nf4 Bc6 94. Kf5 Re1 95. Ne6+ Kb8 96. Kf6 Ba4 97. Nc5 Bb5 98. Re4 Rd1 99. Ke5 Kc7 100. Rg4 Re1+ 101. Kd4 Rd1+ 102. Kc3 Rd6 103. Re4 Rh6 104. Re7+ Kc8 105. Ne6 Bd7 106. Nd4 Rh5 107. Kc4 Rh1 108. Kd5 Rb1 109. Kc5 Rc1+ 110. Kb6 Rc4 111. Rh7 Rxb4+ 112. Kc5 Ra4 113. Nb3 Kc7 114. Kd5 Kc8 115. Kd6 Ra3 116. Rh8+ Kb7 117. Nc5+ Ka7 118. a6 Bb5 119. Rh7+ Ka8 120. Kc7 Ka7 121. Kd6+ Ka8 122. a7 Rg3 123. Ne6 Rd3+ 124. Kc5 Bd7 125. Nd4 Be8 126. Re7 Ba4 127. Rf7 Be8 128. Rh7 Rc3+ 129. Kb6 Rc4 130. Rh8 Rb4+ 131. Kc5 Ra4 132. Rxe8+ Kxa7 133. Nc6+ Kb7 134. Re7+ Ka8 135. Kb6 Ra6+ 136. Kc7 1-0

[Event "MGL-ch 52nd"]
[Site "Arvaikheer"]
[Date "2012.04.05"]
[Round "7"]
[White "Galmandakh, Badrakh"]
[Black "Lkhagvasuren, Tsedvee"]
[Result "1/2-1/2"]
[WhiteElo "2230"]
[BlackElo "2089"]
[PlyCount "78"]
[EventDate "2012.04.01"]
[EventType "tourn"]
[EventRounds "15"]
[EventCountry "MGL"]
[EventCategory "3"]
[SourceTitle "EXT 2013"]
[Source "ChessBase"]
[SourceDate "2012.11.22"]
[SourceVersion "1"]
[SourceVersionDate "2012.11.22"]
[SourceQuality "1"]

1. c4 Nf6 2. Nf3 e6 3. b3 d5 4. e3 Be7 5. Bb2 0-0 6. Be2 b6 7. 0-0 Bb7 8. a3 Nbd7 9. d4 c5 10. cxd5 Nxd5 11. dxc5 Nxc5 12. b4 Ne4 13. Bd3 Ndf6 14. Nc3 Nxc3 15. Bxc3 Rc8 16. Rc1 Qd5 17. Qe2 Ne4 18. Bxe4 Qxe4 19. Rfd1 Rfd8 20. Ne1 Rxd1 21. Qxd1 Rd8 22. Qf3 Qxf3 23. Nxf3 f6 24. Ne1 Kf7 25. f4 h6 26. Kf2 g5 27. Nf3 Be4 28. g3 g4 29. Nd4 h5 30. Be1 Rh8 31. Rc7 h4 32. gxh4 Rxh4 33. Kg1 Rh3 34. b5 Ke8 35. Bg3 Bxa3 36. Nxe6 Rh7 37. Ng7+ Kf8 38. Rxa7 Rxg7 39. Rxa3 f5 1/2-1/2

[Event "MGL-ch 52nd"]
[Site "Arvaikheer"]
[Date "2012.04.04"]
[Round "6"]
[White "Lkhagvasuren, Tsedvee"]
[Black "Gundavaa, Bayarsaihan"]
[Result "1/2-1/2"]
[WhiteElo "2089"]
[BlackElo "2502"]
[PlyCount "102"]
[EventDate "2012.04.01"]
[EventType "tourn"]
[EventRounds "15"]
[EventCountry "MGL"]
[EventCategory "3"]
[SourceTitle "EXT 2013"]
[Source "ChessBase"]
[SourceDate "2012.11.22"]
[SourceVersion "1"]
[SourceVersionDate "2012.11.22"]
[SourceQuality "1"]

1. c4 g6 2. Nc3 Bg7 3. d4 c5 4. Nf3 cxd4 5. Nxd4 Nc6 6. e3 Nf6 7. Be2 0-0 8. 0-0 d6 9. b3 d5 10. Nxc6 bxc6 11. Bb2 e5 12. cxd5 cxd5 13. Rc1 a6 14. Bf3 Be6 15. Na4 Qd6 16. Nc5 Rfc8 17. Nxe6 Qxe6 18. Qd2 g5 19. Rxc8+ Rxc8 20. Rc1 Rxc1+ 21. Qxc1 g4 22. Be2 Ne4 23. Qf1 a5 24. Qe1 Qf5 25. Bd3 Bf8 26. Qe2 Qe6 27. Qc2 Qf5 28. Bc3 Bb4 29. Bxe4 dxe4 30. Bxb4 axb4 31. Qc6 h5 32. Qb7 h4 33. Qxb4 Qd7 34. Qe1 Qd3 35. Qc1 Kg7 36. b4 f5 37. a4 Qb3 38. b5 Qxa4 39. Qb1 Qa7 40. b6 Qb7 41. Qb5 Kf6 42. Kf1 Ke6 43. Ke1 Kd6 44. Qb2 Kc6 45. Qxe5 Qxb6 46. Qe6+ Kc7 47. Qe7+ Kc6 48. Qe6+ Kc7 49. Qxf5 Qb1+ 50. Kd2 Qd3+ 51. Ke1 Qb1+ 1/2-1/2

[Event "MGL-ch 52nd"]
[Site "Arvaikheer"]
[Date "2012.04.03"]
[Round "5"]
[White "Erdene, Ganzorig"]
[Black "Lkhagvasuren, Tsedvee"]
[Result "1/2-1/2"]
[WhiteElo "2316"]
[BlackElo "2089"]
[PlyCount "174"]
[EventDate "2012.04.01"]
[EventType "tourn"]
[EventRounds "15"]
[EventCountry "MGL"]
[EventCategory "3"]
[SourceTitle "EXT 2013"]
[Source "ChessBase"]
[SourceDate "2012.11.22"]
[SourceVersion "1"]
[SourceVersionDate "2012.11.22"]
[SourceQuality "1"]

1. d4 Nf6 2. c4 e6 3. Nf3 b6 4. a3 Bb7 5. Nc3 d5 6. Qc2 Nbd7 7. cxd5 exd5 8. Bf4 a6 9. e3 Be7 10. Bd3 0-0 11. 0-0 c5 12. Bf5 h6 13. dxc5 bxc5 14. Rad1 Nb6 15. Rfe1 Bc8 16. Bxc8 Qxc8 17. h3 Ra7 18. Be5 Rd8 19. a4 Qc6 20. Bxf6 Bxf6 21. a5 Nc4 22. Nxd5 Rxd5 23. Qxc4 Rxd1 24. Rxd1 Qb5 25. Ne5 Rb7 26. Qd5 Qb3 27. Nd7 Qxd5 28. Rxd5 Bxb2 29. Nxc5 Rb5 30. Rd8+ Kh7 31. Nxa6 Bc3 32. g3 Rxa5 33. Nc7 Ra2 34. Rd1 h5 35. Nd5 Be5 36. Kg2 g6 37. Nb4 Ra4 38. Nd3 Bf6 39. Nf4 Kg7 40. Rd5 Ra2 41. Kf3 Bc3 42. g4 hxg4+ 43. hxg4 Bf6 44. g5 Be7 45. Nd3 Ra1 46. Kg2 Ra2 47. Kg3 Ra1 48. f4 Ra3 49. Rd7 Kf8 50. Kf3 Ke8 51. Rd5 Rc3 52. Ne5 Rc5 53. Rd1 Bxg5 54. Ra1 Bd8 55. Ra8 Rd5 56. Ra7 Be7 57. e4 Rd6 58. Kg4 Kf8 59. Rb7 Re6 60. Nd7+ Kg7 61. e5 Kg8 62. Nb6 Kg7 63. Nd5 Bf8 64. Nf6 Re7 65. Rb8 Re6 66. Kg5 Rc6 67. Ne8+ Kg8 68. f5 gxf5 69. Nd6 f4 70. Nf5 Rg6+ 71. Kxf4 Rg1 72. Rb3 Rf1+ 73. Ke4 Re1+ 74. Kf4 Rf1+ 75. Ke4 Re1+ 76. Kd5 Rd1+ 77. Kc6 Re1 78. Kd7 Rd1+ 79. Ke8 Rg1 80. Rf3 Rg6 81. Nd6 Re6+ 82. Kd7 Re7+ 83. Kd8 Rxe5 84. Rg3+ Bg7 85. Ne8 Kf8 86. Nxg7 Rd5+ 87. Kc7 Rc5+ 1/2-1/2

[Event "MGL-ch 52nd"]
[Site "Arvaikheer"]
[Date "2012.04.03"]
[Round "4"]
[White "Lkhagvasuren, Tsedvee"]
[Black "Battulga, Namkhai"]
[Result "1/2-1/2"]
[WhiteElo "2089"]
[BlackElo "2406"]
[PlyCount "232"]
[EventDate "2012.04.01"]
[EventType "tourn"]
[EventRounds "15"]
[EventCountry "MGL"]
[EventCategory "3"]
[SourceTitle "EXT 2013"]
[Source "ChessBase"]
[SourceDate "2012.11.22"]
[SourceVersion "1"]
[SourceVersionDate "2012.11.22"]
[SourceQuality "1"]

1. c4 e6 2. e4 c5 3. Nc3 Nc6 4. Nf3 a6 5. d4 cxd4 6. Nxd4 Qc7 7. Be3 Nf6 8. Be2 Bb4 9. f3 d5 10. Nxc6 bxc6 11. 0-0 dxe4 12. Nxe4 Nxe4 13. fxe4 Bd6 14. h3 c5 15. Bh5 0-0 16. Bxf7+ Rxf7 17. Rxf7 Bh2+ 18. Kh1 Kxf7 19. Qh5+ Ke7 20. Bg5+ Kd7 21. Rd1+ Kc6 22. Qe8+ Kb7 23. Bd8 Qe5 24. Qe7+ Kb8 25. Bb6 a5 26. Rd8 Qxb2 27. Qd7 Qc1+ 28. Kxh2 Qf4+ 29. Kh1 Qf1+ 30. Kh2 Qf4+ 31. Kg1 Qe3+ 32. Kf1 Qf4+ 33. Kg1 Qe3+ 34. Kh1 Qc1+ 35. Qd1 Qxd1+ 36. Rxd1 Ba6 37. Rd7 Bxc4 38. a3 g6 39. Bxc5 Ra6 40. Bd6+ Kc8 41. Rc7+ Kd8 42. e5 Bd5 43. Rxh7 Rc6 44. Rh6 Be4 45. Rh4 Rc4 46. Rg4 Ke8 47. Kh2 Kf7 48. Rf4+ Kg7 49. Bf8+ Kh7 50. Be7 Bd5 51. Rf7+ Kg8 52. Rf6 Kg7 53. Bf8+ Kh7 54. Rf2 Rc3 55. Be7 Kh6 56. Bf8+ Kh7 57. Bd6 Be4 58. Rf4 Bd5 59. Rf7+ Kg8 60. Rf6 Kh7 61. Rf2 Be4 62. Re2 Bd5 63. Be7 Bb3 64. Rf2 Rc2 65. Rf4 Bd5 66. Rg4 Re2 67. Bd6 Kh6 68. Bc7 Ra2 69. Rg3 a4 70. Bd6 Re2 71. Rg4 Re4 72. Bf8+ Kh7 73. Rg5 Re2 74. Be7 Kg7 75. Bd6 Kh7 76. Rg3 Rc2 77. Be7 Re2 78. Bf6 Rc2 79. Rg4 Rc4 80. Rg3 Rc2 81. h4 Re2 82. Kh3 Rc2 83. Be7 Re2 84. Rg5 Re1 85. Kh2 Re4 86. Kg3 Re2 87. Kh2 Re4 88. Kg3 Re2 89. Kh3 Re1 90. Kg3 Re2 91. Kh2 Re4 92. Kh3 Re1 93. Bd6 Re3+ 94. Kh2 Re4 95. Kh3 Re3+ 96. Rg3 Rxg3+ 97. Kxg3 Bb3 98. Kf4 Kg7 99. g3 Bc2 100. Be7 Bb1 101. Ke3 Bc2 102. Kd4 Bb3 103. Kc5 Kf7 104. Bf6 Bd1 105. Kd4 Bg4 106. Ke3 Bd1 107. Kf4 Be2 108. Kg5 Bd1 109. g4 Be2 110. h5 gxh5 111. gxh5 Bd3 112. Kf4 Kg8 113. Ke3 Bc2 114. Kd4 Kh7 115. Bg5 Bb3 116. Kc5 Bd5 1/2-1/2

[Event "MGL-ch 52nd"]
[Site "Arvaikheer"]
[Date "2012.04.01"]
[Round "1"]
[White "Nasanjargal, Urtnasan"]
[Black "Lkhagvasuren, Tsedvee"]
[Result "1-0"]
[WhiteElo "2310"]
[BlackElo "2089"]
[PlyCount "117"]
[EventDate "2012.04.01"]
[EventType "tourn"]
[EventRounds "15"]
[EventCountry "MGL"]
[EventCategory "3"]
[SourceTitle "EXT 2013"]
[Source "ChessBase"]
[SourceDate "2012.11.22"]
[SourceVersion "1"]
[SourceVersionDate "2012.11.22"]
[SourceQuality "1"]

1. e4 c6 2. d4 d5 3. e5 Bf5 4. Be2 Qb6 5. Nf3 e6 6. 0-0 Ne7 7. c4 dxc4 8. Nbd2 Nd5 9. Nxc4 Qd8 10. Bg5 Qc7 11. Nh4 Bg6 12. Rc1 Nb6 13. Nd2 Be7 14. Nxg6 hxg6 15. Ne4 Bxg5 16. Nxg5 Qe7 17. Ne4 0-0 18. Qb3 N8d7 19. Rc3 Nd5 20. Rg3 c5 21. Rg4 f5 22. exf6 N7xf6 23. Nxf6+ Rxf6 24. Bf3 Rd8 25. dxc5 Qxc5 26. Qxb7 Nf4 27. Qe4 Rd4 28. Qe3 Qd6 29. Rc1 Rf8 30. h4 Kh8 31. Rg3 Rd3 32. Qc5 Qxc5 33. Rxc5 Rd2 34. Rb5 Rf5 35. Rb8+ Kh7 36. Bg4 Ne2+ 37. Bxe2 Rxe2 38. Rf3 Re1+ 39. Kh2 Rxf3 40. gxf3 a5 41. f4 a4 42. a3 e5 43. fxe5 Rxe5 44. Rb4 Re2 45. Kg3 Kg8 46. Kf3 Rc2 47. Ke3 Kf7 48. f3 Kf6 49. Kd3 Rf2 50. Kc4 Ke5 51. Kb5 Rxf3 52. Rxa4 Kd5 53. Rg4 Rb3+ 54. Rb4 Rg3 55. Kb6 Kd6 56. a4 g5 57. hxg5 Rxg5 58. a5 Kd7 59. a6 1-0